000 00769nam a22002177a 4500
003 DO-SdBNP
005 20210917085518.0
007 ta
008 210916e2011 dr a|||gr|||| 001 0dspa d
020 _a9789945850581
040 _aDO-SdBNP
_bspa
_cBNPHU
082 4 _222
_bV335e, 2011
100 _973819
_aVásquez, Inocencia,
_d1952-
245 1 3 _aEl poder de la virtud de la esperanza :
_bexperiencia misionera en mis 40 años de silencio /
_cInocencia Vásquez; Antonio Guerrero, ed.
246 4 _aEl poder de la virtud de la esperanza :
_b40 años de experiencia misionera
250 _a2da ed. mejorada
260 _aSanto Domingo :
_bLibrería San Pablo,
_c2011
300 _a133 p.:
_bil. retr.;
_c21 cm
590 _aInventariado 2021 / MF
942 _2ddc
_cLBS1
999 _c50544
_d50544